100 Batman Villains - Statistics

General Stats
  • This quiz has been taken 130 times
    88 since last reset
  • The average score is 47 of 100
Answer Stats
Picture Answer % Correct
Bane
100%
Catwoman
98%
Clayface
96%
Deadshot
96%
Harley Quinn
96%
Joker
96%
Penguin
92%
Killer Croc
90%
Mr. Freeze
90%
Poison Ivy
90%
Mad Hatter
88%
Deathstroke
86%
Man-Bat
86%
Riddler
86%
Two-Face
86%
Court of Owls
84%
Hush
84%
Calendar Man
82%
Clock King
82%
Condiment King
82%
Maxie Zeus
82%
Firefly
80%
Ra's al Ghul
80%
Hugo Strange
78%
Bat-Mite
76%
Killer Moth
75%
Owlman
75%
Scarecrow
75%
Anarky
71%
Carmine Falcone
71%
Black Mask
69%
Kite-Man
69%
Professor Pyg
69%
Polka-Dot Man
67%
Talia al Ghul
67%
Eraser
65%
Red Hood
65%
KGBeast
63%
Catman
59%
Gentleman Ghost
59%
Egghead
57%
Orca
57%
Phantasm
55%
Solomon Grundy
55%
Victor Zsasz
55%
Copperhead
53%
King Tut
53%
Calculator
49%
Lady Shiva
49%
Ventriloquist
47%
Prometheus
43%
James Gordon Jr.
39%
Baby Doll
37%
Dr. Phosphorus
37%
Talon
37%
Clue Master
35%
Count Vertigo
33%
Crazy Quilt
33%
Batzarro
31%
Salvatore Maroni
31%
Blockbuster
29%
Brother Eye
27%
Lock-Up
27%
Mutant Leader
27%
Onomatopoeia
27%
Zebra Man
25%
Firebug
24%
Mr. Bloom
24%
Mr. Toad
22%
Electrocutioner
20%
Magpie
20%
Psycho-Pirate
20%
Rupert Thorne
20%
Holiday
18%
OMAC
18%
Penny Plunderer
18%
Bookworm
16%
Dr. Death
16%
Ragdoll
16%
Red Claw
16%
Reaper
14%
Zodiac Master
14%
Mad Monk
12%
Equinox
10%
Lord Death Man
10%
Terrible Trio
10%
Wrath
10%
Hellgrammite
8%
Spellbinder
8%
Tally Man
8%
Alfred Stryker
6%
The Heretic
6%
Dr. Daka
4%
Dr. No-Face
4%
Silver Monkey
4%
Spook
4%
The Wizard
4%
Mr. Roulette
2%
Shiner
2%
Tiger Shark
2%
No matching quizzes found
Score Distribution
Percent of People with Each Score
Percentile by Number Answered
Your Score History
You have not taken this quiz since the last reset